Guide to mechanics / (Record no. 9100)
[ view plain ]
| 000 -LEADER | |
|---|---|
| fixed length control field | 00643nac a22002171u 4500 |
| 020 ## - INTERNATIONAL STANDARD BOOK NUMBER | |
| International Standard Book Number | 0333510720 (pbk) |
| 082 ## - DEWEY DECIMAL CLASSIFICATION NUMBER | |
| Classification number | 531 |
| Item number | DYK |
| 090 ## - LOCALLY ASSIGNED LC-TYPE CALL NUMBER (OCLC); LOCAL CALL NUMBER (OCLC) | |
| -- | 9100 |
| -- | 9100 |
| 100 ## - MAIN ENTRY--PERSONAL NAME | |
| Personal name | Dyke, P. P. G. |
| 245 ## - TITLE STATEMENT | |
| Title | Guide to mechanics / |
| Statement of responsibility, etc | Philip Dyke and Roger Whitworth. |
| 260 ## - | |
| -- | London: |
| -- | Macmillan,1992. |
| -- | 1992. |
| 300 ## - PHYSICAL DESCRIPTION | |
| Extent | xi,292p.: |
| Other physical details | ill.; |
| Dimensions | 22 cm. |
| 336 ## - CONTENT TYPE | |
| Source | rdacontent |
| Content type term | text |
| Content type code | txt |
| 337 ## - MEDIA TYPE | |
| Media type term | unmediated |
| Source | rdamedia |
| Media type code | n |
| 338 ## - CARRIER TYPE | |
| Carrier type term | volume |
| Carrier type code | nc |
| Source | rdacarrier |
| 500 ## - GENERAL NOTE | |
| General note | distributer: Al-Ahram |
| 511 ## - | |
| -- | catalogued by: wessam |
| 650 ## - SUBJECT ADDED ENTRY--TOPICAL TERM | |
| Topical term or geographic name as entry element | Mechanics |
| 700 ## - ADDED ENTRY--PERSONAL NAME | |
| Personal name | Whitworth, Roger. |
| 942 ## - ADDED ENTRY ELEMENTS (KOHA) | |
| Koha item type | Book - Borrowing |
| Call number prefix | 531DYK |
| Classification part | RDA-MOD |
| Withdrawn status | Lost status | Damaged status | Not for loan | Home library | Current library | Shelving location | Date acquired | Source of acquisition | Total Checkouts | Full call number | Barcode | Date last seen | Price effective from | Koha item type |
|---|---|---|---|---|---|---|---|---|---|---|---|---|---|---|
| Central Library | Central Library | First floor | 08/04/2014 | Purchase | 531DYK | 000011048 | 15/07/2025 | 14/04/2008 | Book - Borrowing |